Cartas de religiosos de Nueva España : 1539-1594 /

Guardado en:
Detalles Bibliográficos
Autor principal: Mendieta, Jerónimo de, Fray (autor)
Otros autores: García Icazbalceta, Joaquín (edición) (edición)
Formato: Libro
Idioma:Español
Publicado: México : Salvador Chávez Hayhoe, 1941
Etiquetas: Agrega una etiqueta
Sin etiquetas, Sé el primero en etiquetar este registro!

MARC

LEADER 00000nam^a2200000^a^4500
001 000455076
005 20250521000000.0
009 20260310123945.567
037 |a Acervo Xavier Clavigero 
041 |a ESP 
091 |a FCA. 05284 
100 |a Mendieta, Jerónimo de,  |c Fray  |e (autor) 
245 1 0 |a Cartas de religiosos de Nueva España :  |b 1539-1594 / 
264 1 |a México :  |b Salvador Chávez Hayhoe,  |c 1941 
300 |a XXXIII, 203 p. 
336 |a texto  |b txt  |2 rdacontenido 
337 |a sin mediación  |b n  |2 rdamedio 
338 |a volumen  |b nc  |2 rdasoporte 
649 |a XX 
700 |a García Icazbalceta, Joaquín  |e (edición) 
910 |a Fondo Xavier Cacho Vázquez S.J. 
920 |a Impresos - Libros 
930 |a Fondos Especiales 
905 |a 131 
901 |a 0500375632  |b IT2  |c ESP  |i D  |u 20250521 
901 |a 0500375626  |b IT2  |c ESP  |i D  |u 20250521 
902 |a https://opac.biblio.iteso.mx/vufind/Record/000455076